000 00460cam a2200181ua 4500
001 2716
008 111105n ii |||gr||||Z||||||asm
040 _cMAIN
082 _a891.4512
100 _aBharali, Sailen,
_eAuthor.
245 1 1 _aNatya kola :
_bdesi aru bedesi /
_cby Sailen Bharali
250 _a2nd.
260 _aGuahati:
_bbani prakash pvt. ltd.,994.
300 _a108p:
_c23cm.
653 _aAssamese drama
653 _aNatya kola
942 _cBK
999 _c2566
_d2566